<?xml version="1.0" encoding="UTF-8"?>
<record
    xmlns:xsi="http://www.w3.org/2001/XMLSchema-instance"
    xsi:schemaLocation="http://www.loc.gov/MARC21/slim http://www.loc.gov/standards/marcxml/schema/MARC21slim.xsd"
    xmlns="http://www.loc.gov/MARC21/slim">

  <leader>01766nab a2200241 i 4500</leader>
  <controlfield tag="003">BR-BrBNA</controlfield>
  <controlfield tag="005">20250505131534.0</controlfield>
  <controlfield tag="008">250505b2017    bl.qr|pooa||| 00| 0 por |</controlfield>
  <datafield tag="040" ind1=" " ind2=" ">
    <subfield code="a">BR-BrBNA</subfield>
    <subfield code="b">por</subfield>
  </datafield>
  <datafield tag="072" ind1=" " ind2=" ">
    <subfield code="a">F70</subfield>
  </datafield>
  <datafield tag="100" ind1=" " ind2=" ">
    <subfield code="a">Oliveira-da-Silva, F&#xFA;vio Rubens </subfield>
  </datafield>
  <datafield tag="100" ind1=" " ind2=" ">
    <subfield code="a">Ilkiu-Borges, Anna Luiza </subfield>
  </datafield>
  <datafield tag="245" ind1=" " ind2=" ">
    <subfield code="a">Flora das cangas da Serra dos Caraj&#xE1;s, Par&#xE1;, Brasil: Fissidentaceae</subfield>
  </datafield>
  <datafield tag="500" ind1=" " ind2=" ">
    <subfield code="a">Publica&#xE7;&#xE3;o on-line; 7 ref.; 3 illus.; Summaries (En, Pt)</subfield>
  </datafield>
  <datafield tag="520" ind1=" " ind2=" ">
    <subfield code="a">

Resumo

Este estudo apresenta as esp&#xE9;cies de Fissidentaceae registradas para as &#xE1;reas de canga na Serra dos Caraj&#xE1;s, no
estado do Par&#xE1;. S&#xE3;o apresentadas descri&#xE7;&#xF5;es detalhadas, ilustra&#xE7;&#xF5;es e coment&#xE1;rios morfol&#xF3;gicos de seis esp&#xE9;cies
do g&#xEA;nero Fissidens: F. guianensis, F. hornschuchii, F. pellucidus, F. perfalcatus, F. radicans e F. submarginatus.

Palavras-chave: Brioflora, FLONA Caraj&#xE1;s, musgos, taxonomia.




Abstract

This study presents the species of Fissidentaceae recorded for the areas of cangas in Serra dos Caraj&#xE1;s, Par&#xE1; state.
Detailed descriptions, illustrations and morphologic comments are given for six species of the genus Fissidens: F. guianensis, 
F. hornschuchii, F. pellucidus var. pellucidus, F. perfalcatus F. radicans and F. submarginatus.

Key words: Bryoflora, FLONA Caraj&#xE1;s, mosses, taxonomy.</subfield>
  </datafield>
  <datafield tag="650" ind1=" " ind2=" ">
    <subfield code="a">CARAJ&#xC1;S</subfield>
  </datafield>
  <datafield tag="650" ind1=" " ind2=" ">
    <subfield code="a">MUSGO</subfield>
  </datafield>
  <datafield tag="650" ind1=" " ind2=" ">
    <subfield code="a">TAXONOMIA</subfield>
  </datafield>
  <datafield tag="773" ind1="0" ind2=" ">
    <subfield code="0">709</subfield>
    <subfield code="9">350025</subfield>
    <subfield code="d">Rio de Janeiro-RJ Jardim Botanico do Rio de Janeiro 1935</subfield>
    <subfield code="o">2025-2634</subfield>
    <subfield code="t">Rodrigu&#xE9;sia (Brazil)</subfield>
    <subfield code="x">0370-6583; 2175-7860 on-line</subfield>
    <subfield code="g">v. 68(3 special number) p. 809-815; (2017)</subfield>
    <subfield code="w">BR2025000826</subfield>
  </datafield>
  <datafield tag="856" ind1=" " ind2=" ">
    <subfield code="u">https://www.scielo.br/j/rod/a/tKhs9Q8fyf8T73sFnPfQmRq/?format=pdf&amp;lang=pt</subfield>
  </datafield>
  <datafield tag="942" ind1=" " ind2=" ">
    <subfield code="c">ANA</subfield>
  </datafield>
  <datafield tag="999" ind1=" " ind2=" ">
    <subfield code="c">331315</subfield>
    <subfield code="d">331315</subfield>
  </datafield>
</record>
